Que hacer con las crisis financieras / (Registro nro. 12098)
[ vista simple ]
| 000 -LEADER | |
|---|---|
| fixed length control field | 02019nam a2200277Ia 4500 |
| 003 - CONTROL NUMBER IDENTIFIER | |
| control field | OSt |
| 005 - DATE AND TIME OF LATEST TRANSACTION | |
| control field | 20210803162324.0 |
| 008 - FIXED-LENGTH DATA ELEMENTS--GENERAL INFORMATION | |
| fixed length control field | 210310s2009 mx gr 000 0 spa d |
| 020 ## - INTERNATIONAL STANDARD BOOK NUMBER | |
| International Standard Book Number | 9786071601339 |
| 040 ## - CATALOGING SOURCE | |
| Original cataloging agency | CO-JMCR |
| Transcribing agency | CO-JMCR |
| 041 0# - LANGUAGE CODE | |
| Language code of text/sound track or separate title | spa |
| 082 04 - DEWEY DECIMAL CLASSIFICATION NUMBER | |
| Classification number | 338.542 / |
| Item number | E342q |
| Edition number | 23 |
| 100 1# - MAIN ENTRY--PERSONAL NAME | |
| Personal name | Eichengreen, Barry, |
| Relator term | autor |
| 9 (RLIN) | 16486 |
| 245 10 - TITLE STATEMENT | |
| Title | Que hacer con las crisis financieras / |
| Statement of responsibility, etc. | Barry Eichengreen |
| 260 ## - PUBLICATION, DISTRIBUTION, ETC. | |
| Place of publication, distribution, etc. | México : |
| Name of publisher, distributor, etc. | Fondo de Cultura Económica, |
| Date of publication, distribution, etc. | 2009. |
| 300 ## - PHYSICAL DESCRIPTION | |
| Extent | 308 páginas : |
| Other physical details | ilustraciones y gráficas en blanco y negro ; |
| Dimensions | 17 cm. |
| 490 0# - SERIES STATEMENT | |
| Series statement | Breviarios |
| 504 ## - BIBLIOGRAPHY, ETC. NOTE | |
| Bibliography, etc. note | Bibliografía : páginas 269-288. |
| 505 0# - FORMATTED CONTENTS NOTE | |
| Formatted contents note | Prevención de las crisis. -- Manejo de las crisis. -- Lecciones de la experiencia reciente. -- Camino hacia adelante. |
| 520 0# - SUMMARY, ETC. | |
| Summary, etc. | EI mundo se ha acostumbrado a la aparición -súbita, recurrente, dolorosa- de las crisis financieras. Al finalizar la primera década del siglo xxi, por ejemplo, las finanzas internacionales están resintiendo un severo golpe, cuyo origen fue el escaso control que el sistema financiero en Estados Unidos tuvo sobre sí mismo. Esta y otras conmociones en la economía global repercuten especialmente en los países menos desarrollados, que carecen de instituciones sólidas para prevenir y enfrentar con solvencia este tipo de problemas. En esta obra se explica cómo se generan y, sobre todo, cómo podrían atenderse las situaciones críticas en regiones como América Latina, así como cuáles han sido los méritos y las insuficiencias del Fondo Monetario Internacional. Con información proveniente de muchísimos casos, entre ellos la crisis de 1995 en México y el consecuente efecto Tequila, Eichengreen presenta aquí una compacta introducción a uno de los sucesos más traumáticos que puede experimentar una economía. |
| 650 14 - SUBJECT ADDED ENTRY--TOPICAL TERM | |
| Topical term or geographic name entry element | Países en desarrollo |
| 9 (RLIN) | 27288 |
| 650 24 - SUBJECT ADDED ENTRY--TOPICAL TERM | |
| Topical term or geographic name entry element | Historia económica |
| 9 (RLIN) | 39030 |
| 650 24 - SUBJECT ADDED ENTRY--TOPICAL TERM | |
| Topical term or geographic name entry element | Crisis financiera |
| 9 (RLIN) | 5832 |
| 650 24 - SUBJECT ADDED ENTRY--TOPICAL TERM | |
| Topical term or geographic name entry element | Crisis financieras |
| Form subdivision | Prevención |
| 9 (RLIN) | 38975 |
| 942 ## - ADDED ENTRY ELEMENTS (KOHA) | |
| Source of classification or shelving scheme | Dewey Decimal Classification |
| Koha item type | Books |
| Withdrawn status | Lost status | Source of classification or shelving scheme | Damaged status | Not for loan | Home library | Current library | Shelving location | Date acquired | Source of acquisition | Full call number | Barcode | Date last seen | Copy number | Price effective from | Koha item type |
|---|---|---|---|---|---|---|---|---|---|---|---|---|---|---|---|
| Dewey Decimal Classification | Biblioteca Pública José María del Castillo y Rada | Biblioteca Pública José María del Castillo y Rada | General Stacks | 04/15/2018 | Donación | 338.542 / E342q | 430002451 | 05/16/2024 | Ej.1 | 03/10/2021 | Books |